Presidents of Rwanda by Picture - Statistics

General Stats
  • This quiz has been taken 9 times
  • The average score is 5 of 6
Answer Stats
Picture Hint Answer % Correct
2000-Present Paul Kagame
100%
1973-1994 Juvénal Habyarimana
88%
1961-1973 Grégoire Kayibanda
75%
1994-2000 Pasteur Bizimungu
75%
1994 Théodore Sindikubwabo
75%
1961 Dominique Mbonyumutwa
50%
No matching quizzes found
Score Distribution
Percent of People with Each Score
Percentile by Number Answered
Your Score History
You have not taken this quiz